[Event "LYM - Maîtres vs Espoirs"]
[Site "Lausanne - Casino de Montbenon"]
[Date "2004.09.18"]
[Round "6"]
[White "Tukmakov, Vladimir"]
[Black "Huss, Andreas"]
[Result "1/2-1/2"]
[WhiteElo "2564"]
[BlackElo "2334"]
[PlyCount "100"]

1. Nf3 Nf6 2. c4 e6 3. Nc3 Bb4 4. g4 O-O 5. g5 Ne8 6. Qc2 d5 7. a3 Be7 8. d4
dxc4 9. e4 Nc6 10. Be3 Na5 11. Rd1 Nd6 12. Rg1 Qe8 13. Ne5 b5 14. Qe2 Bb7 15.
Qg4 Nb3 16. d5 f5 17. gxf6 Bxf6 18. f4 exd5 19. Nxd5 Bxe5 20. Nxc7 Qe7 21. fxe5
Qxe5 22. Rxd6 Qxb2 23. Ne6 Rf7 24. Nxg7 Qc3+ 25. Ke2 Qc2+ 26. Bd2 Bxe4 27. Ne8+
Bg6 28. Rxg6+ hxg6 29. Qxg6+ Qxg6 30. Rxg6+ Kh7 31. Rh6+ Kg8 32. Rg6+ Kh7 33.
Rh6+ Kg8 34. Nf6+ Kg7 35. Nh5+ Kg8 36. Be3 Rd8 37. Bh3 Nd4+ 38. Bxd4 Rxd4 39.
Be6 Re4+ 40. Kd2 Rxe6 41. Rxe6 Rf2+ 42. Re2 Rf3 43. Rg2+ Kh7 44. Rg3 Rf5 45.
Ng7 Rf2+ 46. Ke3 Rxh2 47. Nf5 a5 48. Kd4 b4 49. axb4 axb4 50. Rg7+ Kh8 1/2-1/2

[Event "LYM - Maîtres vs Espoirs"]
[Site "Lausanne - Casino de Montbenon"]
[Date "2004.09.18"]
[Round "7"]
[White "Raetsky, Alexander"]
[Black "Tukmakov, Vladimir"]
[Result "1/2-1/2"]
[WhiteElo "2399"]
[BlackElo "2564"]
[PlyCount "116"]

1. d4 Nf6 2. c4 e6 3. g3 d5 4. Nf3 dxc4 5. Bg2 Nc6 6. Qa4 Nd7 7. Qxc4 Nb6 8.
Qd3 e5 9. Be3 exd4 10. Nxd4 Nb4 11. Qe4+ Be7 12. Nc3 c6 13. Rd1 N4d5 14. Nf5
Bxf5 15. Qxf5 g6 16. Qb1 Qc7 17. Bxd5 Nxd5 18. Nxd5 cxd5 19. Rxd5 Qc4 20. Qd3
Qxd3 21. Rxd3 a6 22. O-O Rd8 23. Rfd1 f5 24. Bb6 Rxd3 25. Rxd3 Bf6 26. Bc5 Rg8
27. Rd6 Bd8 28. Kg2 Rg7 29. h4 Bc7 30. Rd5 Rd7 31. Rxd7 Kxd7 32. Kf3 h5 33. e4
Ke6 34. Bd4 Bd6 35. Be3 Bc7 36. Bf4 Bb6 37. Be3 Bc7 38. b3 Bd6 39. Bf4 Bc5 40.
Be3 Bd6 41. Bf4 Bc5 42. exf5+ Kxf5 43. Ke2 Kg4 44. Be3 Bb4 45. a4 b5 46. axb5
axb5 47. Bb6 Kf5 48. Kd3 Be1 49. Be3 Ke5 50. Ke2 Bb4 51. f3 Kf5 52. Bf2 Bd6 53.
Kd3 Be5 54. Be1 Bf6 55. Bc3 Be7 56. Bd4 Bd6 57. Bf2 Bc7 58. Kc3 Ba5+ 1/2-1/2

[Event "LYM - Maîtres vs Espoirs"]
[Site "Lausanne - Casino de Montbenon"]
[Date "2004.09.18"]
[Round "7"]
[White "Pinol, Fabrice"]
[Black "Antognini, Francesco"]
[Result "1-0"]
[WhiteElo "2210"]
[BlackElo "2193"]
[PlyCount "71"]

1. e4 e6 2. d3 c5 3. Nc3 Nc6 4. g3 g6 5. Bg2 Bg7 6. Be3 d6 7. Qd2 Rb8 8. Nge2
Nd4 9. O-O Ne7 10. Nc1 O-O 11. Nd1 e5 12. c3 Ndc6 13. Ne2 b6 14. Bh6 d5 15.
Bxg7 Kxg7 16. exd5 Nxd5 17. Ne3 Nde7 18. Rad1 Ba6 19. f4 f6 20. fxe5 Nxe5 21.
Nf4 Qd6 22. Rfe1 Rbd8 23. d4 Bc8 24. Qe2 cxd4 25. cxd4 Nf7 26. Nc4 Qc7 27. Qxe7
Qxc4 28. b3 Qb5 29. Ne6+ Bxe6 30. Rxe6 f5 31. Bf1 Qd7 32. Qf6+ Kg8 33. Bc4 Rde8
34. Rde1 Rxe6 35. Bxe6 Qc7 36. Bc4 1-0

[Event "LYM - Maîtres vs Espoirs"]
[Site "Lausanne - Casino de Montbenon"]
[Date "2004.09.18"]
[Round "7"]
[White "Bucher, Denis"]
[Black "Lamoureux, Charles"]
[Result "1/2-1/2"]
[WhiteElo "2357"]
[BlackElo "2393"]
[PlyCount "66"]

1. e4 c5 2. Nf3 e6 3. d4 cxd4 4. Nxd4 a6 5. Bd3 Qc7 6. O-O Nc6 7. c3 Nf6 8. Qe2
d5 9. exd5 Nxd4 10. cxd4 Nxd5 11. Nc3 Nxc3 12. bxc3 Bd6 13. c4 O-O 14. g3 Bd7
15. c5 Be7 16. Bf4 Qc8 17. Be5 g6 18. h4 Qd8 19. h5 Bf6 20. Rad1 Bc6 21. Bd6
Re8 22. Qg4 Bg7 23. f3 f5 24. Qf4 Bd5 25. hxg6 hxg6 26. Be5 Bxe5 27. Qxe5 Qb8
28. Rd2 Rc8 29. Qf6 Rc7 30. Rh2 Rg7 31. Kf2 Qd8 32. Qe5 Qb8 33. Qf6 Qd8 1/2-1/2

[Event "LYM - Maîtres vs Espoirs"]
[Site "Lausanne - Casino de Montbenon"]
[Date "2004.09.18"]
[Round "7"]
[White "Marcelin, Cyril"]
[Black "Carron, Julien"]
[Result "1-0"]
[WhiteElo "2451"]
[BlackElo "2273"]
[PlyCount "69"]

1. e4 c5 2. Nf3 Nc6 3. Bb5 e6 4. Bxc6 bxc6 5. d3 Qc7 6. O-O d6 7. Re1 f6 8. c3
Ne7 9. d4 cxd4 10. cxd4 g6 11. b3 Bg7 12. Ba3 O-O 13. Nc3 Rd8 14. Rc1 Qa5 15.
Na4 Ba6 16. Qc2 Bh6 17. Rcd1 Qc7 18. e5 dxe5 19. Bxe7 Qxe7 20. Nc5 Bc8 21. dxe5
Rd5 22. Rxd5 exd5 23. e6 Bf8 24. b4 a5 25. a3 Qd6 26. Nd4 Ra7 27. Qa4 Qf4 28.
Qxc6 Qxd4 29. Qxc8 Qd2 30. Kf1 Kg7 31. Qd7+ Rxd7 32. exd7 axb4 33. Ne6+ Kf7 34.
d8=Q Be7 35. Ng5+ 1-0

[Event "LYM - Maîtres vs Espoirs"]
[Site "Lausanne - Casino de Montbenon"]
[Date "2004.09.18"]
[Round "7"]
[White "Huss, Andreas"]
[Black "Gheorghiu, Florin"]
[Result "1/2-1/2"]
[WhiteElo "2334"]
[BlackElo "2394"]
[PlyCount "24"]

1. d4 d5 2. c4 c6 3. cxd5 cxd5 4. Nf3 Nf6 5. Nc3 Nc6 6. Bf4 Bf5 7. e3 e6 8. Bd3
Bxd3 9. Qxd3 Bd6 10. Bxd6 Qxd6 11. O-O O-O 12. Rac1 Rfc8 1/2-1/2

[Event "LYM - Maîtres vs Espoirs"]
[Site "Lausanne - Casino de Montbenon"]
[Date "2004.09.19"]
[Round "8"]
[White "Huss, Andreas"]
[Black "Raetsky, Alexander"]
[Result "1/2-1/2"]
[WhiteElo "2334"]
[BlackElo "2399"]
[PlyCount "35"]

1. d4 d5 2. c4 Nc6 3. Nc3 dxc4 4. d5 Ne5 5. Nf3 Ng6 6. e4 e5 7. Bxc4 a6 8. Be3
Bd6 9. O-O Nf6 10. h3 O-O 11. Qa4 Qe7 12. Rfe1 Nh5 13. Bf1 Nhf4 14. Kh2 f5 15.
g3 Nh5 16. Ng5 Nf6 17. exf5 Bxf5 18. Bg2 1/2-1/2

[Event "LYM - Maîtres vs Espoirs"]
[Site "Lausanne - Casino de Montbenon"]
[Date "2004.09.19"]
[Round "8"]
[White "Tukmakov, Vladimir"]
[Black "Marcelin, Cyril"]
[Result "1-0"]
[WhiteElo "2564"]
[BlackElo "2451"]
[PlyCount "75"]

1. c4 Nf6 2. Nf3 e6 3. g3 d5 4. d4 dxc4 5. Bg2 c5 6. O-O Nc6 7. Ne5 Bd7 8. Na3
Nd5 9. Nxd7 Qxd7 10. dxc5 Bxc5 11. Nxc4 O-O 12. Bd2 Rfd8 13. e3 Rac8 14. Qb3
Qe7 15. a3 a6 16. Rfd1 b5 17. Na5 Nxa5 18. Bxa5 Bb6 19. Be1 Qc5 20. Rd3 Qc2 21.
Qxc2 Rxc2 22. Rad1 Rb8 23. b4 Nf6 24. Bb7 Ng4 25. Rd6 Bc7 26. Rxa6 Ne5 27. Be4
Rc4 28. Bg2 h5 29. Bf1 Rc2 30. Kg2 Ng4 31. Rd3 Bb6 32. Rxb6 Nxe3+ 33. Rxe3 Rxb6
34. Re5 Ra2 35. Rxb5 Rxb5 36. Bxb5 Rxa3 37. Bc6 Ra1 38. Bd2 1-0

[Event "LYM - Maîtres vs Espoirs"]
[Site "Lausanne - Casino de Montbenon"]
[Date "2004.09.19"]
[Round "8"]
[White "Carron, Julien"]
[Black "Pinol, Fabrice"]
[Result "1/2-1/2"]
[WhiteElo "2273"]
[BlackElo "2210"]
[PlyCount "124"]

1. d4 d5 2. Nf3 Nf6 3. c4 c6 4. Qc2 g6 5. Bf4 Bg7 6. e3 Na6 7. Nc3 Bf5 8. Qb3
Qb6 9. Qxb6 axb6 10. a3 O-O 11. cxd5 Nb4 12. dxc6 Nc2+ 13. Kd1 Nxa1 14. cxb7
Rad8 15. Bc4 Ne4 16. Nxe4 Bxe4 17. b8=Q Rxb8 18. Bxb8 Rxb8 19. Ng5 b5 20. Bxf7+
Kf8 21. Ba2 Bf5 22. Kd2 Nc2 23. g4 Nxd4 24. gxf5 Nxf5 25. Ne6+ Kf7 26. Nc5+ Ke8
27. Nd3 Rd8 28. Ke2 Rc8 29. Bb3 Nd6 30. a4 Kd8 31. Rd1 bxa4 32. Bxa4 e5 33. b4
Ke7 34. Nc5 Rc7 35. Bb3 Bf6 36. Ra1 e4 37. Ra6 Bc3 38. Nxe4 Bxb4 39. Ng5 h6 40.
Ne6 Rc3 41. Nd4 Bc5 42. Nc6+ Kf6 43. Bd5 Ra3 44. Rxa3 Bxa3 45. e4 Nc8 46. e5+
Kf5 47. Kf3 Ne7 48. Be4+ Ke6 49. Nd8+ Kxe5 50. Nf7+ Kf6 51. Nxh6 Nf5 52. Ng4+
Kg5 53. Ne5 Nh4+ 54. Kg3 Nf5+ 55. Bxf5 Kxf5 56. Nc4 Be7 57. Ne3+ Kg5 58. Nc4
Bc5 59. h4+ Kh5 60. Ne5 Be7 61. Nf3 Bd8 62. Kh3 Bf6 1/2-1/2

[Event "LYM - Maîtres vs Espoirs"]
[Site "Lausanne - Casino de Montbenon"]
[Date "2004.09.19"]
[Round "8"]
[White "Antognini, Francesco"]
[Black "Bucher, Denis"]
[Result "1/2-1/2"]
[WhiteElo "2193"]
[BlackElo "2357"]
[PlyCount "70"]

1. e4 c5 2. Nf3 Nc6 3. d4 cxd4 4. Nxd4 Nf6 5. Nc3 e5 6. Ndb5 d6 7. a4 a6 8. Na3
Bg4 9. f3 Be6 10. Be3 Nb4 11. Nc4 d5 12. Bb6 Qb8 13. exd5 Nfxd5 14. Nxd5 Nxd5
15. a5 Qc8 16. c3 Be7 17. Qa4+ Bd7 18. Qb3 O-O 19. Bd3 Nf4 20. Bf1 Be6 21. Ra4
Bd7 22. Ra1 Bb5 23. Ne3 Bxf1 24. Kxf1 Bc5 25. Rd1 e4 26. Qc4 Bxb6 27. axb6 Nd3
28. Qxc8 Raxc8 29. fxe4 Nxb2 30. Rd7 Rxc3 31. Ke2 Na4 32. Nd5 Rc4 33. Rxb7
Rxe4+ 34. Kf3 Rd4 35. Rd7 Kh8 1/2-1/2

[Event "LYM - Maîtres vs Espoirs"]
[Site "Lausanne - Casino de Montbenon"]
[Date "2004.09.19"]
[Round "8"]
[White "Gheorghiu, Florin"]
[Black "Lamoureux, Charles"]
[Result "1/2-1/2"]
[WhiteElo "2394"]
[BlackElo "2393"]
[PlyCount "29"]

1. c4 c5 2. Nc3 Nc6 3. g3 g6 4. Bg2 Bg7 5. e3 e6 6. Nge2 Nge7 7. O-O O-O 8. d4
cxd4 9. Nxd4 Nxd4 10. exd4 d5 11. cxd5 Nxd5 12. Nxd5 exd5 13. Be3 Be6 14. Qb3
Qd7 15. Rfc1 1/2-1/2

[Event "LYM - Maîtres vs Espoirs"]
[Site "Lausanne - Casino de Montbenon"]
[Date "2004.09.20"]
[Round "9"]
[White "Lamoureux, Charles"]
[Black "Antognini, Francesco"]
[Result "1-0"]
[WhiteElo "2393"]
[BlackElo "2193"]
[PlyCount "175"]
[EventDate "2004.09.16"]

1. d4 e6 2. Nf3 Nf6 3. Bg5 h6 4. Bh4 c5 5. c3 Qb6 6. Qb3 Qxb3 7. axb3 Nc6 8.
Bxf6 gxf6 9. e3 Rg8 10. Nbd2 b6 11. g3 Bb7 12. Bd3 Na5 13. Be2 cxd4 14. exd4
Bd5 15. b4 Nb3 16. Nxb3 Bxb3 17. b5 Kd8 18. Nd2 Bd5 19. Rf1 Bd6 20. Ra4 f5 21.
f4 f6 22. c4 Bb7 23. Bf3 Kc7 24. b4 a6 25. c5 Be7 26. Bxb7 Kxb7 27. bxa6+ Rxa6
28. Rxa6 Kxa6 29. Ke2 Kb5 30. Ra1 bxc5 31. bxc5 Kc6 32. Kd3 Rb8 33. Ra6+ Kd5
34. Ra7 Kc6 35. Kc4 Bd8 36. Nb3 Bc7 37. Ra6+ Kb7 38. Ra2 Kc6 39. Ra6+ Kb7 40.
Ra2 Kc6 41. Nc1 Rb1 42. Nd3 h5 43. Nb4+ Kb7 44. d5 Rc1+ 45. Kb5 exd5 46. Rd2 h4
47. Rxd5 hxg3 48. hxg3 Kc8 49. Rxf5 Bd8 50. Rd5 Rg1 51. Rd3 Rb1 52. Kc4 Rc1+
53. Rc3 Rd1 54. Nd5 Kb7 55. Ne3 Rd2 56. Nf5 Rd1 57. Rb3+ Kc6 58. Nd4+ Kc7 59.
Ra3 Kb7 60. Re3 Ba5 61. Re7 Kc8 62. Rf7 Rc1+ 63. Kb5 Bd8 64. Nf5 Rc3 65. g4 Kc7
66. Nd6 Rg3 67. Ne8+ Kc8 68. Rg7 Rg1 69. Rg6 Kb7 70. Nxf6 Bxf6 71. Rxf6 Rxg4
72. Rf7 Kc8 73. Kb6 Rg6+ 74. Kb5 Kd8 75. f5 Rg1 76. f6 Ke8 77. Re7+ Kd8 78. Rh7
Rf1 79. f7 Kc7 80. Rg7 Rf4 81. Rh7 Kb7 82. c6+ dxc6+ 83. Kc5 Rf5+ 84. Kd6 Kb6
85. Ke6 Rf1 86. Rh8 Re1+ 87. Kd6 Rd1+ 88. Ke5 1-0

[Event "LYM - Maîtres vs Espoirs"]
[Site "Lausanne - Casino de Montbenon"]
[Date "2004.09.20"]
[Round "9"]
[White "Pinol, Fabrice"]
[Black "Tukmakov, Vladimir"]
[Result "0-1"]
[WhiteElo "2210"]
[BlackElo "2564"]
[PlyCount "80"]
[EventDate "2004.09.16"]

1. d4 Nf6 2. Nf3 e6 3. e3 b6 4. Bd3 Bb7 5. Nbd2 d6 6. O-O Nbd7 7. b3 g6 8. Bb2
Bg7 9. e4 O-O 10. Re1 Qe7 11. Qe2 c5 12. e5 Nd5 13. exd6 Qxd6 14. dxc5 Nxc5 15.
Bxg7 Kxg7 16. Ne4 Nxe4 17. Qxe4 Qe7 18. Qe5+ Nf6 19. Be4 Rfd8 20. Bxb7 Qxb7 21.
c4 Rd3 22. Ng5 Qb8 23. Qb2 Qf4 24. Nh3 Qf5 25. Rad1 Rad8 26. Qe2 Qa5 27. Nf4
Rd2 28. Rxd2 Rxd2 29. Qf3 e5 30. Nh3 Rxa2 31. Rd1 Rd2 32. Rxd2 Qxd2 33. g4 e4
34. Qg3 Qd1+ 35. Kg2 Qxg4 36. Nf4 Qxg3+ 37. hxg3 Kf8 38. Ne2 Ke7 39. Nd4 a5 40.
Kf1 Kd6 0-1

[Event "LYM - Maîtres vs Espoirs"]
[Site "Lausanne - Casino de Montbenon"]
[Date "2004.09.20"]
[Round "9"]
[White "Raetsky, Alexander"]
[Black "Gheorghiu, Florin"]
[Result "1/2-1/2"]
[WhiteElo "2399"]
[BlackElo "2394"]
[PlyCount "23"]
[EventDate "2004.09.16"]

1. d4 Nf6 2. c4 e6 3. g3 c5 4. Nf3 cxd4 5. Nxd4 a6 6. Bg2 Qc7 7. b3 Nc6 8. Bb2
Be7 9. O-O d6 10. Nc3 Bd7 11. Rc1 Nxd4 12. Qxd4 1/2-1/2

[Event "LYM - Maîtres vs Espoirs"]
[Site "Lausanne - Casino de Montbenon"]
[Date "2004.09.20"]
[Round "9"]
[White "Marcelin, Cyril"]
[Black "Huss, Andrea"]
[Result "1-0"]
[WhiteElo "2451"]
[BlackElo "2334"]
[PlyCount "61"]
[EventDate "2004.09.16"]

1. c4 e6 2. Nc3 Bb4 3. Qb3 Nc6 4. Nf3 Nf6 5. a3 Bxc3 6. Qxc3 a5 7. d4 O-O 8.
Bg5 h6 9. Bh4 g5 10. Bg3 d6 11. Nd2 e5 12. dxe5 dxe5 13. Bxe5 Nxe5 14. Qxe5 Re8
15. Qc3 Bf5 16. e3 Ra6 17. Be2 Rd6 18. Qxa5 Bd3 19. Rd1 b6 20. Qc3 g4 21. Bxd3
Rxd3 22. Qc2 g3 23. hxg3 Ng4 24. O-O Rexe3 25. Nf3 Rxd1 26. Rxd1 Qe7 27. fxe3
Qxe3+ 28. Kf1 Qc5 29. Rd8+ Kg7 30. Qc3+ f6 31. Qd4 1-0

[Event "LYM - Maîtres vs Espoirs"]
[Site "Lausanne - Casino de Montbenon"]
[Date "2004.09.20"]
[Round "9"]
[White "Bucher, Denis"]
[Black "Carron, Julien"]
[Result "1/2-1/2"]
[WhiteElo "2357"]
[BlackElo "2273"]
[PlyCount "59"]
[EventDate "2004.09.16"]

1. e4 c5 2. Nf3 Nc6 3. d4 cxd4 4. Nxd4 e5 5. Nb5 d6 6. c4 Be7 7. N1c3 a6 8. Na3
f5 9. exf5 Bxf5 10. Bd3 Be6 11. Nc2 Nf6 12. O-O O-O 13. b3 Qd7 14. Bb2 Bd8 15.
Ne4 Bb6 16. Ng5 Bg4 17. Qd2 h6 18. Ne4 Rae8 19. Rac1 Qf7 20. Kh1 Qh5 21.
Ng3 Qh4 22. Ne3 Ba5 23. Bc3 Bxc3 24. Qxc3 Nd4 25. Ngf5 Bxf5 26. Nxf5 Nxf5 27.
Bxf5 Ne4 28. Bxe4 Qxe4 29. f3 Qc6 30. Qd3 1/2-1/2